Loading...
Personnel management : management of human resources
| Main Author: | |
|---|---|
| Format: | Printed Book |
| Language: | Undetermined English |
| Published: |
New Delhi
Oxford and IBH Publishing Company Pvt Ltd
420
|
| Subjects: |
| LEADER | 00821nam a2200217Ia 4500 | ||
|---|---|---|---|
| 008 | 140306s9999 xx 000 0 und d | ||
| 020 | |a 81 204 0548x | ||
| 041 | |a eng | ||
| 082 | |a 658 .3 |b DWI/PE | ||
| 100 | |a Dwivedi, R S | ||
| 245 | |a Personnel management : management of human resources | ||
| 260 | |a New Delhi |b Oxford and IBH Publishing Company Pvt Ltd |c 420 | ||
| 300 | |a 420 | ||
| 365 | |b Rs .120 | ||
| 650 | |a Human resources | ||
| 650 | |a Performance appraisal | ||
| 650 | |a Wage | ||
| 942 | |2 ddc |c BK | ||
| 999 | |c 184415 |d 184415 | ||
| 952 | |0 0 |1 0 |2 ddc |4 0 |6 658_000000000000000__3_DWI_PE |7 0 |9 190256 |a KAUCBV |b KAUCBV |d 2004-05-03 |g 120.00 |o 658 .3 DWI/PE |r 2014-03-22 |w 2014-03-22 |y BK | ||
| 952 | |0 0 |1 0 |2 ddc |4 0 |6 658_000000000000000__3_DWI_PE |7 0 |9 190257 |a KAUCBV |b KAUCBV |d 2004-05-03 |g 120.00 |o 658 .3 DWI/PE |r 2014-03-22 |w 2014-03-22 |y BK | ||